MARC

LEADER 00000nab a2200000 ar4500
001 vtls009148765
003 SK-MaSNL
005 20260303223819.0
008 171110c2007 xo wr|p|||||||000 b|slo
038 |a PPPK 
040 |a PPPKCL  |b slo  |c PPPKCL  |e AACR2 
041 0 |a slo 
044 |a xo  |c SK 
080 |a 618.1/.2:061.3  |x (437.6)  |2 1997 
080 |a 061.3  |x (437.6)  |2 1997 
245 0 0 |a Kongres gynekologicko-pôrodníckej spoločnosti  |c [autor] (red) 
610 2 7 |a Slovenská gynekologicko-pôrodnícka spoločnosť SLS  |2 pppkcl  |9 84270 
611 2 7 |a Slovenská gynekologicko-pôrodnícka spoločnosť  |b Kongres  |n (14. :  |d 2007 :  |c Poprad, Slovensko)  |2 pppkcl  |9 1258831 
648 7 |a 2007  |2 pppkcl  |9 313226 
650 0 7 |a zdravotníctvo  |2 snkbucl  |9 1269 
650 0 7 |a gynekológia  |2 pppkcl  |9 2474 
650 0 7 |a pôrodníctvo  |2 pppkcl  |9 2475 
650 0 7 |a medzinárodné kongresy  |2 pppkcl  |9 75241 
651 7 |a Poprad (Slovensko)  |2 pppkcl  |9 20155 
773 0 |t Podtatranské noviny  |g Roč. XLVIII, č. 15 (2007), s. 3 
852 |a PPPK  |b KIS3GCP 
958 |a MI 
999 |c 2249409  |d 2251339